[Event "BI-2013-P-00029"]
[Site "LSS email"]
[Date "2013.04.23"]
[Round "?"]
[White "Grkinic, Goran"]
[Black "Vananderoye, Tom"]
[Result "1-0"]
[WhiteElo "1960"]
[BlackElo "1887"]
[PlyCount "21"]
[EventDate "2013.04.25"]
[EventType "tourn (corr)"]
[EventRounds "10"]
[EventCountry "GER"]
[SourceTitle "Corr 2022"]
[Source "ChessBase"]
[SourceDate "2021.10.24"]
[SourceVersion "1"]
[SourceVersionDate "2021.10.24"]
[SourceQuality "1"]

1. d4 d5 2. c4 c6 3. Nf3 e6 4. Nc3 dxc4 5. a4 Bb4 6. e3 b5 7. Bd2 a5 8. axb5 Bxc3 9. Bxc3 cxb5 10. Qd2 Qd5 11. Rxa5 1-0

[Event "BI-2013-P-00029"]
[Site "LSS email"]
[Date "2013.04.23"]
[Round "?"]
[White "Kulczycki, Michael"]
[Black "Vananderoye, Tom"]
[Result "1-0"]
[WhiteElo "1946"]
[BlackElo "1887"]
[PlyCount "21"]
[EventDate "2013.04.25"]
[EventType "tourn (corr)"]
[EventRounds "10"]
[EventCountry "GER"]
[SourceTitle "Corr 2022"]
[Source "ChessBase"]
[SourceDate "2021.10.24"]
[SourceVersion "1"]
[SourceVersionDate "2021.10.24"]
[SourceQuality "1"]

1. e4 c5 2. Nf3 e6 3. d4 cxd4 4. Nxd4 Nf6 5. Nc3 d6 6. g4 h6 7. h4 Nc6 8. Rg1 h5 9. gxh5 Nxh5 10. Bg5 Nf6 11. Qd2 1-0

[Event "BI-2013-P-00029"]
[Site "LSS email"]
[Date "2013.04.23"]
[Round "?"]
[White "Vananderoye, Tom"]
[Black "Torell, Harald"]
[Result "0-1"]
[WhiteElo "1611"]
[BlackElo "2106"]
[PlyCount "32"]
[EventDate "2013.04.25"]
[EventType "tourn (corr)"]
[EventRounds "10"]
[EventCountry "GER"]
[SourceTitle "Telechess CBM 167"]
[Source "ChessBase"]
[SourceDate "2015.07.13"]
[SourceVersion "1"]
[SourceVersionDate "2015.07.13"]
[SourceQuality "1"]

1. e4 g6 2. d4 Bg7 3. Nf3 d6 4. Bd3 Nf6 5. 0-0 0-0 6. h3 Nbd7 7. c3 e5 8. Re1 c6 9. Be3 Re8 10. Nbd2 Qc7 11. a4 a5 12. dxe5 Nxe5 13. Nxe5 dxe5 14. Qb3 Be6 15. Bc4 Nd7 16. Bxe6 Rxe6 0-1

[Event "BI-2013-P-00029"]
[Site "LSS email"]
[Date "2013.04.23"]
[Round "?"]
[White "Vontina, Maria"]
[Black "Vananderoye, Tom"]
[Result "1-0"]
[WhiteElo "711"]
[BlackElo "1611"]
[PlyCount "42"]
[EventDate "2013.04.25"]
[EventType "tourn (corr)"]
[EventRounds "10"]
[EventCountry "GER"]
[SourceTitle "Telechess CBM 167"]
[Source "ChessBase"]
[SourceDate "2015.07.13"]
[SourceVersion "1"]
[SourceVersionDate "2015.07.13"]
[SourceQuality "1"]

1. e4 c5 2. Nf3 e6 3. d4 cxd4 4. Nxd4 a6 5. Nc3 Qc7 6. Be3 Bb4 7. Qd3 Nf6 8. Be2 Nxe4 9. Qxe4 Bxc3+ 10. Kd1 Bxb2 11. Rb1 d5 12. Qd3 Bc3 13. Nf3 Nd7 14. h3 b5 15. Bd4 Bxd4 16. Nxd4 0-0 17. Nb3 e5 18. Qxd5 Bb7 19. Qd3 Nf6 20. Qg3 Ne4 21. Qe3 Nc3+ 1-0

[Event "SB-2011-0-00203"]
[Site "LSS email"]
[Date "2012.01.09"]
[Round "?"]
[White "Cvak, Rudolf"]
[Black "Vananderoye, Tom"]
[Result "1-0"]
[WhiteElo "1429"]
[BlackElo "1743"]
[PlyCount "23"]
[EventDate "2011.12.23"]
[EventType "tourn (corr)"]
[EventRounds "6"]
[EventCountry "GER"]
[SourceTitle "Corr 2015"]
[Source "ChessBase"]
[SourceDate "2015.07.17"]
[SourceVersion "1"]
[SourceVersionDate "2015.07.17"]
[SourceQuality "1"]

1. e4 c5 2. Nf3 Nf6 3. e5 Nd5 4. d4 cxd4 5. Nxd4 Nc6 6. Nf3 e6 7. c4 Nde7 8. Nc3 Ng6 9. Be3 Be7 10. Be2 0-0 11. 0-0 b6 12. Qd2 1-0

[Event "SB-2011-0-00193"]
[Site "LSS email"]
[Date "2011.11.24"]
[Round "?"]
[White "Schulz, Hans Juergen"]
[Black "Vananderoye, Tom"]
[Result "1/2-1/2"]
[WhiteElo "1794"]
[BlackElo "1743"]
[PlyCount "32"]
[EventDate "2011.11.05"]
[EventType "tourn (corr)"]
[EventRounds "6"]
[EventCountry "GER"]
[SourceTitle "Corr 2015"]
[Source "ChessBase"]
[SourceDate "2015.07.17"]
[SourceVersion "1"]
[SourceVersionDate "2015.07.17"]
[SourceQuality "1"]

1. e4 c5 2. Nf3 a6 3. c3 d5 4. exd5 Qxd5 5. d4 Nf6 6. Be2 cxd4 7. cxd4 e6 8. 0-0 Nc6 9. Nc3 Qd8 10. Re1 Be7 11. Be3 0-0 12. Ne5 Qc7 13. Rc1 Rd8 14. Bd3 Bd7 15. Ne4 Be8 16. Qf3 Qb8 1/2-1/2

[Event "SB-2011-0-00193"]
[Site "LSS email"]
[Date "2011.11.24"]
[Round "?"]
[White "Vananderoye, Tom"]
[Black "Broniek, Mariusz Maciej"]
[Result "0-1"]
[WhiteElo "1743"]
[BlackElo "1606"]
[PlyCount "76"]
[EventDate "2011.11.05"]
[EventType "tourn (corr)"]
[EventRounds "6"]
[EventCountry "GER"]
[SourceTitle "Telechess CBM 155"]
[Source "ChessBase"]
[SourceDate "2013.07.16"]
[SourceVersion "1"]
[SourceVersionDate "2013.07.16"]
[SourceQuality "1"]

1. d4 d5 2. c4 c6 3. Nf3 e6 4. e3 Nf6 5. Bd3 Nbd7 6. 0-0 dxc4 7. Bxc4 Bd6 8. b3 0-0 9. Bb2 b6 10. Qe2 Qe7 11. Re1 e5 12. e4 Bb7 13. Nbd2 Rae8 14. Rad1 b5 15. Bd3 a6 16. Bb1 exd4 17. Nxd4 g6 18. N4f3 Ne5 19. b4 Rd8 20. a3 Nfd7 21. Nb3 Nc4 22. Ba1 c5 23. Bd3 Nde5 24. Nxe5 Nxe5 25. bxc5 Bc7 26. g3 Qe6 27. Bc2 Qc4 28. Rc1 Qxe2 29. Rxe2 Nc4 30. a4 bxa4 31. c6 Ba8 32. Nc5 Bxc6 33. Bxa4 Bxa4 34. Nxa4 Be5 35. Nb6 Bxa1 36. Rxc4 Rd1+ 37. Kg2 Rb8 38. Rc6 Bg7 0-1

[Event "SB-2011-0-00193"]
[Site "LSS email"]
[Date "2011.11.24"]
[Round "?"]
[White "Vananderoye, Tom"]
[Black "Osipov, Anatoly Vladimirovi"]
[Result "1/2-1/2"]
[WhiteElo "1743"]
[BlackElo "1914"]
[PlyCount "43"]
[EventDate "2011.11.05"]
[EventType "tourn (corr)"]
[EventRounds "6"]
[EventCountry "GER"]
[SourceTitle "Telechess CBM 155"]
[Source "ChessBase"]
[SourceDate "2013.07.16"]
[SourceVersion "1"]
[SourceVersionDate "2013.07.16"]
[SourceQuality "1"]

1. d4 Nf6 2. c4 e6 3. Nc3 Bb4 4. Nf3 b6 5. e3 Bxc3+ 6. bxc3 Bb7 7. Bd3 0-0 8. 0-0 d6 9. Nd2 e5 10. Rb1 h6 11. Bb2 Re8 12. Bc2 e4 13. h3 Nc6 14. Ba4 Re7 15. Ba3 Na5 16. Bb4 Nc6 17. Qc2 Nxb4 18. cxb4 a5 19. a3 c6 20. Rfc1 axb4 21. axb4 d5 22. Ra1 1/2-1/2

[Event "SB-2011-0-00188"]
[Site "LSS email"]
[Date "2011.11.05"]
[Round "?"]
[White "Mostowik, Daniel"]
[Black "Vananderoye, Tom"]
[Result "0-1"]
[WhiteElo "1771"]
[BlackElo "1743"]
[PlyCount "34"]
[EventDate "2011.10.28"]
[EventType "tourn (corr)"]
[EventRounds "6"]
[EventCountry "GER"]
[SourceTitle "Corr 2015"]
[Source "ChessBase"]
[SourceDate "2015.07.17"]
[SourceVersion "1"]
[SourceVersionDate "2015.07.17"]
[SourceQuality "1"]

1. e4 e5 2. Nf3 Nc6 3. Bb5 a6 4. Ba4 Nf6 5. 0-0 Be7 6. Re1 b5 7. Bb3 d6 8. d3 0-0 9. a4 b4 10. h3 Na5 11. Ba2 Be6 12. Bxe6 fxe6 13. c4 Nh5 14. Nxe5 dxe5 15. Qxh5 Nb3 16. Ra2 Nxc1 17. Rxc1 Rxf2 0-1

[Event "SB-2011-0-00188"]
[Site "LSS email"]
[Date "2011.11.05"]
[Round "?"]
[White "Wittal, Werner"]
[Black "Vananderoye, Tom"]
[Result "1/2-1/2"]
[WhiteElo "1967"]
[BlackElo "1743"]
[PlyCount "39"]
[EventDate "2011.10.28"]
[EventType "tourn (corr)"]
[EventRounds "6"]
[EventCountry "GER"]
[SourceTitle "Telechess CBM 155"]
[Source "ChessBase"]
[SourceDate "2013.07.16"]
[SourceVersion "1"]
[SourceVersionDate "2013.07.16"]
[SourceQuality "1"]

1. e4 e5 2. Nf3 Nc6 3. Bc4 Nf6 4. d3 Bc5 5. c3 a6 6. 0-0 Ba7 7. Bb3 0-0 8. h3 d5 9. exd5 Nxd5 10. Qe2 Re8 11. Ng5 Rf8 12. Nxh7 Kxh7 13. Qe4+ g6 14. Bxd5 f5 15. Qc4 Na5 16. Qb4 c5 17. Qa3 Qxd5 18. Qxa5 b6 19. Qa4 Bb7 20. Qh4+ 1/2-1/2

[Event "RC-2011-0-00083"]
[Site "LSS email"]
[Date "2011.10.16"]
[Round "?"]
[White "Laczay, Istvan"]
[Black "Vananderoye, Tom"]
[Result "1/2-1/2"]
[WhiteElo "1621"]
[BlackElo "1890"]
[PlyCount "46"]
[EventDate "2011.09.02"]
[EventType "tourn (corr)"]
[EventRounds "6"]
[EventCountry "GER"]
[SourceTitle "Telechess CBM 157"]
[Source "ChessBase"]
[SourceDate "2013.11.12"]
[SourceVersion "1"]
[SourceVersionDate "2013.11.12"]
[SourceQuality "1"]

1. d4 d5 2. Nf3 Nc6 3. c4 Bg4 4. Nc3 e6 5. cxd5 exd5 6. Bf4 Bd6 7. Bg3 Bxf3 8. gxf3 Nge7 9. e3 Qd7 10. Qb3 0-0-0 11. 0-0-0 Kb8 12. Nb5 Bxg3 13. hxg3 h5 14. Bd3 g5 15. Rh2 f5 16. Rdh1 f4 17. Rxh5 Rxh5 18. Rxh5 fxe3 19. fxe3 Qe6 20. Bc2 Qf7 21. Rxg5 Qxf3 22. Bd1 Qf1 23. Nc3 Qf2 1/2-1/2

[Event "RC-2011-0-00083"]
[Site "LSS email"]
[Date "2011.10.16"]
[Round "?"]
[White "Vananderoye, Tom"]
[Black "Draba, Henryk"]
[Result "1/2-1/2"]
[WhiteElo "1890"]
[BlackElo "1600"]
[PlyCount "49"]
[EventDate "2011.09.02"]
[EventType "tourn (corr)"]
[EventRounds "6"]
[EventCountry "GER"]
[SourceTitle "Telechess CBM 157"]
[Source "ChessBase"]
[SourceDate "2013.11.12"]
[SourceVersion "1"]
[SourceVersionDate "2013.11.12"]
[SourceQuality "1"]

1. d4 Nf6 2. c4 g6 3. Nc3 Bg7 4. e4 d6 5. Nf3 0-0 6. Be2 e5 7. Be3 Ng4 8. Bg5 f6 9. Bh4 g5 10. Bg3 Nh6 11. dxe5 dxe5 12. 0-0 Qxd1 13. Rfxd1 Be6 14. Nd5 Na6 15. c5 Bxd5 16. exd5 Nxc5 17. Rac1 b6 18. b4 Ne4 19. Rxc7 Rac8 20. d6 Nxd6 21. Rxc8 Nxc8 22. Rd7 Nf5 23. Bc4+ Kh8 24. Be6 Nfd6 25. h4 1/2-1/2

[Event "OP-2011-0-01807"]
[Site "LSS email"]
[Date "2011.10.06"]
[Round "?"]
[White "Vananderoye, Tom"]
[Black "Lewis, Jerome A"]
[Result "1-0"]
[WhiteElo "1873"]
[BlackElo "1067"]
[PlyCount "65"]
[EventDate "2011.10.03"]
[EventType "tourn (corr)"]
[EventRounds "4"]
[EventCountry "GER"]
[SourceTitle "Telechess CBM 149"]
[Source "ChessBase"]
[SourceDate "2012.07.17"]
[SourceVersion "1"]
[SourceVersionDate "2012.07.17"]
[SourceQuality "1"]

1. e4 Nf6 2. e5 Nd5 3. Nc3 e6 4. Nxd5 exd5 5. d4 d6 6. Nf3 Bg4 7. h3 Bxf3 8. Qxf3 dxe5 9. dxe5 Be7 10. Qg3 g6 11. Qb3 Nc6 12. Bh6 Na5 13. Qa4+ c6 14. 0-0-0 Bg5+ 15. Bxg5 Qxg5+ 16. f4 Qd8 17. b4 b5 18. Qxa5 Qb6 19. Qxb6 axb6 20. Kb2 Ke7 21. h4 h5 22. Rh3 Ra7 23. Rc3 Rha8 24. Rxc6 Rxa2+ 25. Kc3 R8a3+ 26. Kd4 Rb2 27. c3 Rc2 28. Bxb5 Rxg2 29. Rc7+ Kf8 30. Kxd5 Rg4 31. Ke4 Rxh4 32. Rd8+ Kg7 33. Bc4 1-0

[Event "CP-2011-P-00005"]
[Site "LSS email"]
[Date "2011.09.30"]
[Round "?"]
[White "Khokhlov, Igor I"]
[Black "Vananderoye, Tom"]
[Result "1/2-1/2"]
[WhiteElo "2109"]
[BlackElo "1743"]
[PlyCount "77"]
[EventDate "2011.10.01"]
[EventType "tourn (corr)"]
[EventRounds "6"]
[EventCountry "GER"]
[SourceTitle "Telechess CBM 153"]
[Source "ChessBase"]
[SourceDate "2013.03.14"]
[SourceVersion "1"]
[SourceVersionDate "2013.03.14"]
[SourceQuality "1"]

1. e4 c5 2. Nf3 e6 3. d4 cxd4 4. Nxd4 a6 5. Bd3 Nf6 6. 0-0 Qc7 7. Nd2 d6 8. f4 Be7 9. Qe2 Nbd7 10. b4 0-0 11. Bb2 g6 12. Qe3 Nb6 13. Rab1 e5 14. Ne2 a5 15. a3 axb4 16. axb4 Be6 17. h3 Nfd7 18. Nc3 exf4 19. Qxf4 Ne5 20. Nb5 Qd8 21. Kh1 Bg5 22. Qf2 Ra2 23. Bxe5 dxe5 24. Nf3 Bf4 25. Rfd1 Nd7 26. Ng1 Ra8 27. Ne2 Bh6 28. Nec3 Nf6 29. Bc4 Qe7 30. Nd5 Bxd5 31. Bxd5 Ra4 32. Qe1 Rd8 33. c4 Ra2 34. c5 Nxd5 35. exd5 Qg5 36. Qf1 Qg3 37. Qf3 Qxf3 38. gxf3 Bf4 39. c6 1/2-1/2

[Event "CP-2011-P-00005"]
[Site "LSS email"]
[Date "2011.09.30"]
[Round "?"]
[White "Sheers, Matthew Philip"]
[Black "Vananderoye, Tom"]
[Result "1/2-1/2"]
[WhiteElo "1701"]
[BlackElo "1743"]
[PlyCount "28"]
[EventDate "2011.10.01"]
[EventType "tourn (corr)"]
[EventRounds "6"]
[EventCountry "GER"]
[SourceTitle "Corr 2015"]
[Source "ChessBase"]
[SourceDate "2015.07.17"]
[SourceVersion "1"]
[SourceVersionDate "2015.07.17"]
[SourceQuality "1"]

1. e4 c5 2. Nf3 e6 3. d4 cxd4 4. Nxd4 a6 5. Bd3 Nf6 6. 0-0 Qc7 7. Nc3 Nc6 8. Be3 Bd6 9. h3 0-0 10. f4 Nxd4 11. e5 Bxe5 12. fxe5 Qxe5 13. Bf4 Qc5 14. Be3 Qe5 1/2-1/2

[Event "SC-2011-0-00112"]
[Site "LSS email"]
[Date "2011.08.05"]
[Round "?"]
[White "Vananderoye, Tom"]
[Black "Silva Filho, Alcindo Luz Bastos"]
[Result "1/2-1/2"]
[WhiteElo "1743"]
[BlackElo "2070"]
[PlyCount "79"]
[EventDate "2011.07.15"]
[EventType "tourn (corr)"]
[EventRounds "6"]
[EventCountry "GER"]
[SourceTitle "Corr 2015"]
[Source "ChessBase"]
[SourceDate "2015.07.17"]
[SourceVersion "1"]
[SourceVersionDate "2015.07.17"]
[SourceQuality "1"]

1. c4 e5 2. g3 Nf6 3. Bg2 c6 4. d4 exd4 5. Qxd4 d5 6. Nf3 Be7 7. cxd5 cxd5 8. 0-0 0-0 9. Nc3 Nc6 10. Qa4 Be6 11. Be3 Qd7 12. Rfd1 h6 13. Rac1 a6 14. Bb6 Rac8 15. Ne1 Rfe8 16. Nd3 Bd6 17. Nf4 Bxf4 18. Qxf4 Qe7 19. a3 Nh5 20. Qe3 Qf8 21. Qd2 Nf6 22. b4 Qe7 23. Qb2 Ne5 24. Bc5 Qd8 25. Na4 Nfd7 26. Bd4 Nc4 27. Qa1 Qg5 28. Nb2 Nxb2 29. Qxb2 b5 30. e3 Rc4 31. Re1 Rec8 32. Rc3 Qg6 33. e4 Nb6 34. Qa1 Rxc3 35. Bxc3 dxe4 36. Bxe4 Qg4 37. h3 Qg5 38. Kh2 Bd5 39. Bd4 Bxe4 40. Rxe4 1/2-1/2